Deutsche Verfassungsorgane - Statistiken

Allgemein
  • Dieses Quiz wurde 119 mal gespielt
  • Das Durchschnittsergebnis liegt bei 3 aus 5
Antwortstatistiken
Bildquiz Antwort % Korrekt
Bundestag
100%
Bundespräsident
62%
Bundesrat
61%
Bundesverfassungsgericht
54%
Bundesregierung
33%
Keine übereinstimmenden Quizze gefunden
Verteilung der Resultate
Anzahl Personen mit jedem Resultat
Perzentil nach korrekt beantworteten Fragen
Ihre Resultats-Entwicklung
Sie haben dieses Quiz noch nicht gespielt